000 00756nam a22002177a 4500
003 0
005 20250506124640.0
008 250404b xxu||||| |||| 00| 0 eng d
020 _a9786214272099
050 _aJF 1351
_b.Ab23 2024
100 _aAbante, Marmelo V.
245 _aAdvanced theory & practice in public administration
_c Marmelo V. Abante and two others.
260 _aIntramuros, Manila
_bIndividual Books Library Services & Publishing, Inc.
_c2024
300 _aviii, 269 pages;
_c25cm.
504 _aIncludes bibliographical references.
650 _aPublic administration -- Administrative theory.
650 _aGovernment policy -- Management.
700 _aGomez, Hernando.
700 _aJulianes, Melchor S.
942 _2lcc
_cBK
999 _c367363
_d367363